000
00264nam a22001217a 4500
008
170512b xxu||||| |||| 00| 0 eng d
041
_a
eng
080
_a
16
100
_a
94
101
_a
16
245
_a
THE WEST IN THE WORLD
_c
SHERMAN.D
942
_2
udc
_c
BK
999
_c
13272
_d
13272